Blížia sa Vianoce pre MVO

Jedno percento z dane predstavuje približne 300 miliónov korún. Prehľad mimovládnych organizácií, ktoré získali najviac prostriedkov zo všetkých subjektov. Podmienky pre poskytovateĺa 1 percenta z dane z príjmov. Podmienky pre prijímateľa 1 percenta z dane.

Gespeichert in:
Bibliographische Detailangaben
1. Verfasser: Ragáčová, Katarína
Format: Buchkapitel
Sprache:Slowakisch
Schlagworte:
Tags: Tag hinzufügen
Keine Tags, Fügen Sie das erste Tag hinzu!

MARC

LEADER 00000naa a2200000 4500
001 r048004
005 20230920090350.0
041 0 |a slo 
044 |a SK 
245 1 0 |a Blížia sa Vianoce pre MVO  |c Katarína Ragáčová 
520 |a Jedno percento z dane predstavuje približne 300 miliónov korún. Prehľad mimovládnych organizácií, ktoré získali najviac prostriedkov zo všetkých subjektov. Podmienky pre poskytovateĺa 1 percenta z dane z príjmov. Podmienky pre prijímateľa 1 percenta z dane. 
610 2 0 |a dane z príjmov 
610 2 0 |a asignácia daňová 
610 2 0 |a organizácie nevládne 
610 2 0 |a osoby fyzické 
610 2 0 |a osoby právnické 
610 2 0 |a organizácie neziskové 
610 2 0 |a Slovensko 
100 1 |a Ragáčová, Katarína